000 00724nam a2200229Ia 4500
001 9329
003 GE_BSU
008 181216s||||||||xx |||||||||||||| ||und||
040 _cGE_BSU
080 _a621.3.01(075.8)
100 _aМахтанов,П.Н.
245 _aОсновы анализа электрических цепей: линейные цепи.
245 _bУчеб. пособие.
245 _cРед. Т.И.Артемова.
260 _aМосква
260 _bВысш. школа.
260 _c1972.
300 _a336 стр. с илл. 22см.
300 _eБиблиогр.: стр.231.
653 _aОсновы анализа электрических цепей.
942 _cBK
999 _c42625
_d42625